000 01488pam a2200325 a 4500
001 2996874
003 OSt
005 20211007142344.0
008 930617s1994 caua b 001 0 eng
010 _a 93024217
020 _a053420886X (student ed. : acidfree recycled paper)
020 _a0534208878 (free copy ed. : acidfree recycled paper)
040 _aDLC
_cHU
_dDLC
050 0 0 _aQA276
_b.M425 1994
082 0 0 _a519.5
_220
100 1 _aMendenhall, William.
_92126
245 1 0 _aIntroduction to probability and statistics.
250 _a9th ed. /
_bWilliam Mendenhall, Robert J. Beaver.
260 _aBelmont, Calif. :
_bDuxbury Press,
_cc1994.
300 _axv, 704 p. :
_bill. (some col.) ;
_c25 cm. +
_e1 computer disk (3 1/2 in.)
500 _aSystem requirements for computer disk: IBM-compatible PC; DOS.
500 _a"This book has the following teaching and learning materials: instructor's resource manual, test items, study guide with student solutions, computerized testing"--Cover.
504 _aIncludes bibliographical references (p. 678-682) and index.
650 0 _aMathematical statistics.
_93113
650 0 _aProbabilities.
_92312
700 1 _aBeaver, Robert J.
_911302
906 _a7
_bcbc
_corignew
_d1
_eocip
_f19
_gy-gencatlg
942 _2ddc
_cBOOKS
_n0
999 _c10436
_d10436